000
00288nam a2200121Ia 4500
008
190216s9999||||xx |||||||||||||| ||und||
100
_a
Sheela Jhum Jhum Wala
245
0
_a
Hindi-Sine Sitaram Ke Anehuye Prasang
260
_b
Kitab-Ghar
300
_a
144
650
_a
Hindi
942
_c
BK
999
_c
16214
_d
16214